| 000 | 01086nam2a2200277 4500 | ||
|---|---|---|---|
| 001 | rc\2962387 | ||
| 005 | 20250301173354.0 | ||
| 035 | _a(NLR Aleph) 007108980 | ||
| 090 |
_a13605466 _c13605466 |
||
| 100 | _a20110903d1935 |||y0rusy50 ca | ||
| 101 | 0 | _arus | |
| 102 | _aRU | ||
| 105 | _aca z ||||| | ||
| 200 | 0 |
_a8-9 _fВ сборнике участвуют: Алексеев К.В. (отв. ред.), инж. Бобрицкий, Т.И. Иванников, С.А. ... [и др.] |
|
| 210 | _d1935 | ||
| 215 |
_a274, [1] с., 16 л. фот., портр. _cил., портр., табл., черт., фот. |
||
| 461 | 0 |
_1001rc\2962384 _12000#$aЭпрон$eСборник статей по судоподъему, водолазному и аварийно-спасательному делу$v8-9 |
|
| 702 | 1 |
_aАлексеев _bК. В. _4340 |
|
| 702 | 1 |
_aБобрицкий _bТ. И. _4340 |
|
| 702 | 1 |
_aИванников _bС. А. _4340 |
|
| 801 | 0 |
_aRU _bNLR _gpsbo |
|
| 801 | 1 |
_aRU _bELAR _2rusmarc |
|
| 852 |
_aNLR _j33-19/367(8-9) |
||
| 942 | _cBOOK | ||
| 980 | _aNB | ||